| 000 | 00769nam a2200193 i 4500 | ||
|---|---|---|---|
| 001 | 188315 | ||
| 003 | SpMaBN | ||
| 005 | 20250918063045.0 | ||
| 008 | 180807s1924 sp cf |||| ||spa d | ||
| 080 | _a821.133.1-31"19" | ||
| 100 | 1 |
_aColette, _d1873-1954 _9161423 |
|
| 245 | 1 | 0 |
_aQuerido _b: novela pasional por Colette Willy / _ctraducción de Julio Gómez de la Serna ; prólogo de Ramón Gómez de la Serna. |
| 260 |
_aMadrid : _bBiblioteca Nueva, _c1924. |
||
| 300 |
_a199 p., [4] h. de lám. ; _c20 cm. |
||
| 700 | 1 |
_aGómez de la Serna, Julio, _d1895-1983 _957899 |
|
| 700 | 1 |
_aGómez de la Serna, Ramón, _d1888-1963 _957901 |
|
| 852 |
_aES-MaACL _jL-32218 _z. - Donat. herederos de la bibl. de Mª del Pilar Costa Palacín |
||
| 999 |
_c188315 _d188315 |
||